000 00201 a2200097 4500
001 126820
040 _cEscola Canadense de Niteroi
090 _aMP
245 1 0 _aJogo da Memória: Frutas
942 _cMATP
999 _c126820
_d126820